00422 2200157 4500001002100000008004100021035002000062245004700082100002700129260002800156300002400184020002200208084001400230082000800244990001200252INLIS000000000002906 IND  a0010-0925000253 aYuk Mengenal HukumcElza Faiz, S. H. M. H. aElza Faiz, S. H. M. H. aJakartabErlanggac2019 a221c(14,5 x 21 cm) a978-602-486-080-6 a340 ELZ y a340 a0755303